| 000 | 00929cab a2200289 4500 | ||
|---|---|---|---|
| 001 | ABS50057 | ||
| 008 | 090401t1994 xxu||||| |||| 00| 0 eng d | ||
| 035 | _a(Sirsi) u73902 | ||
| 041 | _aeng | ||
| 100 | _aSharman, D. | ||
| 245 | _aTraffic management technology | ||
| 260 | _c1994 | ||
| 350 | _a0 | ||
| 490 |
_aCSM (Chartered Surveyor Monthly) _v3(4) January 1994, 31-33(3) |
||
| 520 | _aDescribes the role of the strategic information system (SIS), one of the four elements in the Road Management System in Europe (Romanse) and discusses some relevant issues. | ||
| 650 | _aHAMPSHIRE CC | ||
| 650 |
_aInfrastructure _96246 |
||
| 650 | _aMENTOR | ||
| 650 | _aROAD MANAGEMENT SYSTEM IN EUROPE | ||
| 650 | _aROMANSE PROJECT | ||
| 650 | _aSTRATEGIC INFORMATION SYSTEMS | ||
| 650 | _aTRAFFIC MANAGEMENT | ||
| 690 | _aTRANSPORT AND COMMUNICATIONS | ||
| 700 | _aAndrews, D. | ||
| 942 | _n0 | ||
| 948 | _c04/03/1997 | ||
| 999 |
_c46642 _d46642 |
||